Văn Nghệ Dân Gian Hà Tây

Zapisane w:
Opis bibliograficzny
1. autor: Dương Kiều Minh
Format: Książka
Język:Vietnamese
Wydane: Dân Tộc 2011
Hasła przedmiotowe:
Etykiety: Dodaj etykietę
Nie ma etykietki, Dołącz pierwszą etykiete!
Thư viện lưu trữ: Mạng thư viện Đại học Đà Nẵng
LEADER 01210nam a22003371a 4500
001 000036129
003 12422
005 20160328000000.0
008 160328s2011 vm 000 vie
020 |a 978-604-70-0073-9 
041 |a vie 
082 |a 398.2  |b DƯ-M 
100 |a Dương Kiều Minh 
245 |a Văn Nghệ Dân Gian Hà Tây  |c Dương Kiều Minh 
260 |a Dân Tộc  |c 2011 
300 |a 849tr. : mh :20cm 
650 |a Văn Nghệ Dân Gian Hà Tây,Văn Nghệ Dân Gian Hà Tây,Dương Kiều Minh,2011 
852 |b Chuyên đề  |c Ngôn ngữ tiếng Việt 2 
OWN |a LNN 
AVA |a UDN50  |b LNN  |d 398.2 DƯ-M  |e available  |t Error 5001 Not defined in file expand_doc_bib_avail.  |f 1  |g 0  |h N  |i 0  |k 1 
999 |a From the UDN01 
AVA |a UDN50  |b LNN  |d 398.2 DƯ-M  |e available  |t Error 5001 Not defined in file expand_doc_bib_avail.  |f 1  |g 0  |h N  |i 0  |k 1 
TYP |a Monograph 
TYP |a Printed language 
980 |a Mạng thư viện Đại học Đà Nẵng